LIBRARY & INFORMATION CENTRE, KCAET, TAVANUR

ONLINE PUBLIC ACCESS CATALOGUE (OPAC)

The Microsoft guide to C++ programming / (Record no. 18779)

MARC details
000 -LEADER
fixed length control field 00451nam a22001697a 4500
003 - CONTROL NUMBER IDENTIFIER
control field OSt
008 - FIXED-LENGTH DATA ELEMENTS--GENERAL INFORMATION
fixed length control field 241227b |||||||| |||| 00| 0 eng d
020 ## - INTERNATIONAL STANDARD BOOK NUMBER
ISBN 9781556153945
041 ## - LANGUAGE CODE
Language code of text/sound track or separate title eng
082 ## - DEWEY DECIMAL CLASSIFICATION NUMBER
Classification number 005.262
Item number CHR/MI
100 ## - MAIN ENTRY--AUTHOR NAME
Personal name Christian, Kaare
245 ## - TITLE STATEMENT
Title The Microsoft guide to C++ programming /
260 ## - PUBLICATION, DISTRIBUTION, ETC. (IMPRINT)
Place of publication Washington :
Name of publisher Microsoft Press,
Year of publication 1992.
300 ## - PHYSICAL DESCRIPTION
Number of Pages 470p.
650 ## - SUBJECT ADDED ENTRY--TOPICAL TERM
Topical Term C++ (Computer Program Language)
942 ## - ADDED ENTRY ELEMENTS (KOHA)
Koha item type Books
Holdings
Withdrawn status Lost status Damaged status Home library Current library Date acquired Cost, normal purchase price Full call number Accession Number Koha item type
      KAUAET KAUAET 27/12/2024 1009.00 005.133 CHR/MI 19359 Books
free website counter